Directors of Michael Douglas Movies - Statistics

General Stats
  • This quiz has been taken 44 times
  • The average score is 17 of 47
Answer Stats
Year Movie Director % Correct
2019 Avengers: Endgame Anthony Russo & Joe Russo
89%
2006 You, Me and Dupree Anthony Russo & Joe Russo
89%
2010 Wall Street: Money Never Sleeps Oliver Stone
89%
1987 Wall Street Oliver Stone
89%
2011 Haywire Steven Soderbergh
89%
2000 Traffic Steven Soderbergh
89%
1997 The Game David Fincher
79%
1992 Basic Instinct Paul Verhoeven
76%
1987 Fatal Attraction Adrian Lyne
68%
1993 Falling Down Joel Schumacher
63%
1984 Romancing the Stone Robert Zemeckis
61%
1989 The War of the Roses Danny DeVito
58%
1989 Black Rain Ridley Scott
58%
2014 And So It Goes Rob Reiner
58%
1995 The American President Rob Reiner
58%
2023 Ant-Man and the Wasp: Quantumania Peyton Reed
53%
2018 Ant-Man and the Wasp Peyton Reed
53%
2015 Ant-Man Peyton Reed
53%
1994 Disclosure Barry Levinson
42%
2000 Wonder Boys Curtis Hanson
42%
1985 A Chorus Line Richard Attenborough
37%
2013 Last Vegas Jon Turteltaub
29%
1996 The Ghost and the Darkness Stephen Hopkins
26%
1978 Coma Michael Crichton
21%
1998 A Perfect Murder Andrew Davis
16%
1979 The China Syndrome James Bridges
16%
2009 Ghosts of Girlfriends Past Mark Waters
16%
2009 Beyond a Reasonable Doubt Peter Hyams
16%
1983 The Star Chamber Peter Hyams
16%
2003 The In-Laws Andrew Fleming
11%
2009 Solitary Man Brian Koppelman & David Levien
11%
2006 The Sentinel Clark Johnson
11%
1980 It's My Turn Claudia Weill
11%
1992 Shining Through David Seltzer
11%
2003 It Runs in the Family Fred Schepisi
11%
2001 Don't Say a Word Gary Fleder
11%
2001 One Night at McCool's Harald Zwart
11%
2014 Beyond the Reach Jean-Baptiste Léonetti
11%
1985 The Jewel of the Nile Lewis Teague
11%
1971 Summertree Anthony Newley
8%
1972 Napoleon and Samantha Bernard McEveety
8%
1969 Hail, Hero! David Miller
8%
2018 Animal World Han Yan
8%
2017 Unlocked Michael Apted
8%
2007 King of California Mike Cahill
8%
1970 Adam ad 6 A.M. Robert Scheerer
8%
1979 Running Steven Hilliard Stern
8%
No matching quizzes found
Score Distribution
Percent of People with Each Score
Percentile by Number Answered
Your Score History
You have not taken this quiz